| 000 | 00930nam a2200265Ia 4500 | ||
|---|---|---|---|
| 003 | OSt | ||
| 005 | 20220918171327.0 | ||
| 006 | a|||||r|||| 00| 0 | ||
| 007 | ta | ||
| 008 | 220917b |||||||| |||| 00| 0 eng d | ||
| 020 |
_a9781498547543 (hbk) _cUKP 70.00 |
||
| 024 | _a349,126 | ||
| 037 |
_b13733, 15/01/2019, Elite Publishers Distributors _cTextual |
||
| 040 |
_aARTS _cARTS _beng |
||
| 041 |
_2eng _aeng |
||
| 082 | _aDelta2:36, Q7 | ||
| 100 |
_aRudert Angela Au. _935825 |
||
| 245 | 0 |
_aShakti's new voice _b Guru devotion in a woman - led spiritual movement |
|
| 260 |
_aLanham _bLexington Books Maryland _c2017 |
||
| 300 |
_axxxvii,215p. _ccm. |
||
| 490 | _aExplorations in indic traditions: theological, ethical, and philosophical | ||
| 650 | _aSPIRITUALISM | ||
| 942 |
_hDelta2:36, Q7 _cTEXL _2CC |
||
| 999 |
_c139055 _d139055 |
||